| 000 | 00560nam a22001817a 4500 | ||
|---|---|---|---|
| 005 | 20260120120422.0 | ||
| 010 | _aENG-147549 | ||
| 020 |
_a9789357317306 _c699.00 |
||
| 035 | _aEN-131081 | ||
| 037 | _bDBAD | ||
| 082 |
_a306.954 _21 |
||
| 245 | _aChambers Essential Guide to Indian Culture | ||
| 260 |
_aGurugram _bHachette Book Publishing Pvt. Ltd. _c2025 |
||
| 270 |
_a4th&5th Floors, Corporate Centre Plot No. 94, Sector 44, _bGurugram _e122003 |
||
| 300 |
_axlii, 595p. _c24cm(hb) |
||
| 760 | _b1 | ||
| 942 |
_2ddc _cEN _h306.954 _mCHA _e1 |
||
| 999 |
_c214297 _d214297 |
||